The sociology of aging: selected readings

-д хадгалсан:
Номзүйн дэлгэрэнгүй
Үндсэн зохиолчид: Atchley, Robert C (Зохиогч), Seltzer, Mildred M (Зохиогч)
Формат: Ном
Хэл сонгох:англи
Хэвлэсэн: Belmont Wadsworth 1976
Нөхцлүүд:
Шошгууд: Шошго нэмэх
Шошго байхгүй, Энэхүү баримтыг шошголох эхний хүн болох!

MARC

LEADER 00000nam a2200000 a 4500
001 UCX4327
003 CL-VaPUC
008 920414e19760000US |||||||||||||||||eng|d
082 0 4 |a 305.26  |b ATC  |2 21 
100 0 |a Atchley, Robert C  |e author  |9 320470 
700 0 |a Seltzer, Mildred M  |e author  |9 320471 
245 1 4 |a The sociology of aging: selected readings 
300 |a 291 p 
942 |c BK 
945 |d 19920414 00:00:00 
260 |a Belmont  |b Wadsworth  |c 1976 
650 0 |a Ancianos   |9 307293 
650 7 |a GERONTOLOGIA  |2 CL-VaPUC  |9 309824 
650 0 |a Vejez   |9 307287 
650 0 |a Aspectos sociales  |9 254894 
583 |a last modification  |c 19920414 00:00:00  |k Rodrigo Vera 
999 |c 224814  |d 224812 
952 |0 0  |1 0  |4 0  |6 305_260000000000000_ATC_1976  |7 0  |8 P  |9 221794  |a BIBGIM  |b BIBGIM  |d 2019-11-15  |i 2906627  |o 305.26 ATC 1976  |p 2906627  |r 2025-01-15  |w 2019-11-15  |y BK  |k SSL